Statistics for Five Closest Countries by Sea (Jerry928 version)

Click here to take the quiz!

General Stats

  • This quiz has been taken 1,529 times
    (1,489 since last reset)
  • The average score is 28 of 39

Answer Stats

kmanswermiles% Correct
0Russia0
97%
0Australia0
92%
0New Zealand0
91%
0Turkey0
86%
0United States0
83%
112Finland70
82%
0Kazakhstan0
82%
4China2
82%
364Sweden226
81%
251Norway156
81%
58Greece36
80%
0Japan0
79%
Sea of JapanSea of ______
79%
0Iran0
79%
0Azerbaijan0
79%
1723Canada1070
79%
49Mexico31
77%
0Sth Korea0
77%
0Nth Korea0
76%
0Turkmenistan0
75%
0India0
73%
1337Fiji831
72%
663Estonia412
71%
0Italy0
71%
111Bulgaria69
70%
0France0
68%
297Romania185
65%
0Myanmar0
63%
2048Solomon Is1273
63%
0Thailand0
63%
0Bangladesh0
61%
8Monaco5
57%
1082Vanuatu672
57%
174Malaysia108
55%
2995Guatemala1861
53%
329North Macedonia205
51%
3138Belize1950
49%
205San Marino127
48%
156Switzerland97
46%

Score Distribution

Percentile by Number Answered

Percent of People with Each Score

Your Score History

You have not taken this quiz since the last reset